书目信息 |
| 题名: |
汇率风险管理手册 下
|
|
| 作者: | 赵玲华 , 王林 主编 | |
| 分册: | ||
| 出版信息: | 北京 中国轻工业出版社 2006.08 |
|
| 页数: | 271页 | |
| 开本: | 21cm | |
| 丛书名: | ||
| 单 册: | ||
| 中图分类: | F830.7-62 | |
| 科图分类: | ||
| 主题词: | 汇率--风险管理--基本知识 , 汇率--风险管理--案例 , 汇率 , 风险管理 | |
| 电子资源: | ||
| ISBN: | 7-5019-5525-5 | |
| 000 | 01222nam0 2200301 450 | |
| 001 | 003428918 | |
| 005 | 20070705174540.0 | |
| 010 | @a7-5019-5525-5@dCNY 29.00 | |
| 100 | @a20100913d2006 em y0chiy0110 ea | |
| 101 | 0 | @achi |
| 102 | @aCN@b110000 | |
| 105 | @ay z 000yy | |
| 200 | 1 | @a汇率风险管理手册 下@Ahui lu feng xian guan li shou ce xia@e汇率风险管理实战案例精选@f赵玲华,王林主编 |
| 210 | @a北京@c中国轻工业出版社@d2006.08 | |
| 215 | @a271页@d21cm | |
| 312 | @a封面英文题名:Handbook of foreign exchange rate administration | |
| 330 | @a本书记录了众多涉外企业在外汇资金管理运营过程中,各外汇指定银行主动运用金融衍生产品设计的个性化方案。内容包括:外汇避险运作十佳方案、进出口进出汇率风浪、贸易融资如何推陈出新、外债负担熟重熟轻等。 | |
| 510 | 1 | @aHandbook of foreign exchange rate administration@zeng |
| 517 | 1 | @a汇率风险管理实战案例精选@Ahui lu feng xian guan li shi zhan an li jing xuan |
| 606 | 0 | @a汇率@x风险管理@x基本知识 |
| 606 | 0 | @a汇率@x风险管理@x案例 |
| 606 | 0 | @a汇率 |
| 606 | 0 | @a风险管理 |
| 690 | @aF830.7-62@v5 | |
| 701 | 0 | @a赵玲华@Azhao ling hua@c(外汇管理)@4主编 |
| 701 | 0 | @a王林@Awang lin@c(财经)@4主编 |
| 905 | @aBZT@dF830.7-62@e1-2 | |
| 906 | @dCNY58.00(全2册)@n0@r1 | |
| 汇率风险管理手册 下:汇率风险管理实战案例精选/赵玲华,王林主编.-北京:中国轻工业出版社,2006.08 |
| 271页;21cm |
| ISBN 7-5019-5525-5:CNY 29.00 |
| 本书记录了众多涉外企业在外汇资金管理运营过程中,各外汇指定银行主动运用金融衍生产品设计的个性化方案。内容包括:外汇避险运作十佳方案、进出口进出汇率风浪、贸易融资如何推陈出新、外债负担熟重熟轻等。 |
| ● |
| 相关链接 |
|
|
|
正题名:汇率风险管理手册 下
索取号:F830.7-62/1-2
 
预约/预借
| 序号 | 登录号 | 条形码 | 馆藏地/架位号 | 状态 | 备注 |
| 1 | 772938 | 2000772938 | 中心书库北库/ 北库036架A面5列1层42/ [索取号:F830.7-62/1-2] | 在馆 | |
| 2 | 772939 | 2000772939 | 中心书库北库/ 北库036架A面5列1层41/ [索取号:F830.7-62/1-2] | 在馆 | |
| 3 | 772940 | 2000772940 | 中心书库北库/ 北库036架A面5列1层40/ [索取号:F830.7-62/1-2] | 在馆 | |
| 4 | 772941 | 2000772941 | 中心书库北库/ 北库036架A面5列1层39/ [索取号:F830.7-62/1-2] | 在馆 | |
| 5 | 772942 | 2000772942 | 中心书库北库/ 北库036架A面5列1层38/ [索取号:F830.7-62/1-2] | 在馆 | |
| 6 | 772943 | 2000772943 | 中心书库北库/ 北库036架A面5列1层36/ [索取号:F830.7-62/1-2] | 在馆 | |
| 7 | 772944 | 2000772944 | 中心书库北库/ 北库036架A面5列1层35/ [索取号:F830.7-62/1-2] | 在馆 | |
| 8 | 772945 | 2000772945 | 中心书库北库/ 北库036架A面5列1层34/ [索取号:F830.7-62/1-2] | 在馆 | |
| 9 | 772946 | 2000772946 | 中心书库北库/ 北库036架A面5列1层43/ [索取号:F830.7-62/1-2] | 在馆 | |
| 10 | 772947 | 2000772947 | 中心书库北库/ 北库036架A面5列1层37/ [索取号:F830.7-62/1-2] | 在馆 |